| 000 | 006250000a22002050004500 | ||
|---|---|---|---|
| 020 | _a84-8267-222-3 | ||
| 041 | 0 | _aSPA | |
| 082 | 0 | 4 | _aG 232.4 D596v |
| 100 | 1 | _aDi Pardo, Armando | |
| 245 | 1 | 0 | _aVoces y silencios del crucificado : Las siete palabras de la cruz desde una perspectiva dispensacional / Armando Di Pardo |
| 260 | _aTerrassa, Barcelona, España : CLIE | ||
| 300 | _a183 Pag | ||
| 440 | 0 | _aColección Pensamiento Teológico; No. 5 | |
| 650 | 1 | 4 | _aREDENCION |
| 001 | 3704 | ||
| 942 | _cBK | ||
| 999 |
_c34344 _d34344 |
||
| 336 |
_atexto _btxt _2rdacontent |
||
| 337 |
_2rdamedia _asin mediación _bn |
||
| 338 |
_2rdacarrier _avolumen _bnc |
||